| 000 | 01215nam a22002417a 4500 | ||
|---|---|---|---|
| 999 |
_c16893 _d16893 |
||
| 005 | 20251125232849.0 | ||
| 008 | s2529 th tha d | ||
| 040 | _aNALT | ||
| 041 | _atha | ||
| 245 | 1 | 0 | _aประมวลข้อหารือเกี่ยวข้องกับระเบียบสำนักนายกรัฐมนตรี ว่าด้วยงานสารบรรณ พ.ศ. 2526 |
| 260 | 3 |
_aกรุงเทพฯ : _bสำนักนายกรัฐมนตรี, _c2529 |
|
| 300 |
_a158 หน้า ; _b 30 ซม. |
||
| 650 | 0 | 4 | _aงานสารบรรณ -- 2526 |
| 650 | 0 | 4 | _aงานสารบรรณ (ระเบียบ) -- ข้อหารือ -- 2526 |
| 650 | 0 | 4 | _aระเบียบสำนักนายกรัฐมนตรี -- งานสารบรรณ -- 2526 |
| 650 | 0 | 4 | _aหนังสือราชการ -- 2526 |
| 650 | 0 | 4 | _aหนังสือเวียน -- 2526 |
| 850 | _aNALT | ||
| 856 | 4 | 0 |
_uhttps://hdl.handle.net/20.500.14156/460652 _71 |
| 942 |
_cLB _2lcc |
||
| 998 |
_j25 _k นีลวัสน์ อินทรักษา |
||
| 090 | _aKE52.1 น473ป 2526 | ||